Combining fuzzy imprecision with probabilistic uncertainty in decision making

Αποθηκεύτηκε σε:
Λεπτομέρειες βιβλιογραφικής εγγραφής
Κύριος συγγραφέας: Kacprzyk, Janusz
Άλλοι συγγραφείς: Fedrizzi, Mario 1949-
Μορφή: Βιβλίο
Γλώσσα:English
Δημοσίευση: Berlin : Springer-Verlag, 1988
Σειρά:Lecture notes in economics and mathematical systems ; ; 310
Θέματα:
Ετικέτες: Προσθήκη ετικέτας
Δεν υπάρχουν, Καταχωρήστε ετικέτα πρώτοι!

MARC

LEADER 00000nam a2200000 i 4500
001 1/51108
008 960223s1988 eng d
020 |a 0387500057 
035 |l 10027117 
040 |a GR-MY-UA  |b gre  |e aacr 
041 0 |a eng 
082 0 |a 331.13704 
100 1 |a Kacprzyk, Janusz. 
245 1 0 |a Combining fuzzy imprecision with probabilistic uncertainty in decision making /  |c J.Kacprzyk, M.Fedrizzi 
260 |a Berlin :   |b Springer-Verlag,   |c 1988 
300 |a ix, 399 σ. 
490 1 |a Lecture notes in economics and mathematical systems  |v ; 310 
650 0 0 |a Labor economics. 
650 0 0 |a Fuzzy sets. 
700 1 |a Fedrizzi, Mario  |d 1949- 
830 0 |a Lecture notes in economics and mathematical systems ;  |v ; 310 
852 |a INST  |b CHIOS  |e 19960223  |h 331.13704 COM  |p 005200000868  |q 005200000868  |t BK  |y 0 
909 |a Χ  |b 016926